Book-keeping and accountancy for solicitors, (Record no. 538)

MARC details
000 -LEADER
fixed length control field 00902cam a2200265u 4500
001 - CONTROL NUMBER
control field 8459656
003 - CONTROL NUMBER IDENTIFIER
control field OSt
005 - DATE AND TIME OF LATEST TRANSACTION
control field 20110722094858.0
008 - FIXED-LENGTH DATA ELEMENTS--GENERAL INFORMATION
fixed length control field 810608s1962 enkak 000 0 eng
010 ## - LIBRARY OF CONGRESS CONTROL NUMBER
LC control number 65004537
040 ## - CATALOGING SOURCE
Original cataloging agency DLC
Transcribing agency CarP
Modifying agency DLC
050 00 - LIBRARY OF CONGRESS CALL NUMBER
Classification number HF5635
Item number .H33 1962
082 ## - DEWEY DECIMAL CLASSIFICATION NUMBER
Classification number 346.063 HAR
100 1# - MAIN ENTRY--PERSONAL NAME
Personal name Harrison, P.
Fuller form of name (Peter)
9 (RLIN) 1568
245 10 - TITLE STATEMENT
Title Book-keeping and accountancy for solicitors,
Statement of responsibility, etc P. Harrison /
250 ## - EDITION STATEMENT
Edition statement 2d ed.
260 ## - PUBLICATION, DISTRIBUTION, ETC. (IMPRINT)
Place of publication, distribution, etc London,
Name of publisher, distributor, etc Butterworths,
Date of publication, distribution, etc 1965.
300 ## - PHYSICAL DESCRIPTION
Extent 2 v. in 1 (xi, 279, 13 p.)
Other physical details forms, tables.
Dimensions 22 cm.
650 #0 - SUBJECT ADDED ENTRY--TOPICAL TERM
Topical term or geographic name as entry element Accounting.
9 (RLIN) 1489
650 #0 - SUBJECT ADDED ENTRY--TOPICAL TERM
Topical term or geographic name as entry element Lawyers
General subdivision Accounting.
9 (RLIN) 1569
700 1# - ADDED ENTRY--PERSONAL NAME
Personal name Hillman, A. G.
Fuller form of name (Alfred George)
9 (RLIN) 1570
906 ## - LOCAL DATA ELEMENT F, LDF (RLIN)
a 0
b cbc
c premunv
d u
e ncip
f 19
g y-gencatlg
942 ## - ADDED ENTRY ELEMENTS (KOHA)
Source of classification or shelving scheme Dewey Decimal Classification
Koha item type Books
Holdings
Withdrawn status Lost status Source of classification or shelving scheme Damaged status Not for loan Home library Current library Shelving location Date acquired Total Checkouts Full call number Barcode Date last seen Price effective from Koha item type
    Dewey Decimal Classification     Law Development Centre Main Library Law Development Centre Main Library Text Books and Laws 04/22/2011   346.063 HAR 2011/2402 04/22/2011 04/22/2011 Books